[Event "Arco op 45th"]
[Site "Arco"]
[Date "2023.10.15"]
[Round "9"]
[White "Jirillo, Antonio"]
[Black "Lepri, Martino"]
[Result "0-1"]
[WhiteElo "1428"]
[BlackElo "1602"]
[PlyCount "98"]
[EventDate "2023.10.07"]
[EventType "swiss"]
[EventRounds "9"]
[EventCountry "ITA"]
[SourceTitle "Mega2024 Update 01"]
[Source "Chessbase"]
[SourceDate "2023.11.12"]
[SourceVersion "1"]
[SourceVersionDate "2023.11.12"]
[SourceQuality "1"]

1. d4 d5 2. Bf4 Nf6 3. Nc3 c6 4. e3 g6 5. Nf3 Bg7 6. Be2 0-0 7. h4 Bg4 8. Ne5 Bxe2 9. Qxe2 Nbd7 10. g4 h5 11. 0-0-0 Nxe5 12. Bxe5 Nxg4 13. Bxg7 Kxg7 14. Rhg1 Nf6 15. Rg5 Rh8 16. Rdg1 Qd7 17. Qd3 Rh6 18. f3 Qh3 19. e4 dxe4 20. Nxe4 Qxh4 21. Qe3 Nd5 22. Qd2 Qf4 23. Re5 Qxd2+ 24. Kxd2 f6 25. Re6 Kf7 26. Nc5 b6 27. Rxc6 bxc5 28. Rxc5 Rd8 29. c4 Nf4 30. d5 Rd7 31. Re1 e6 32. Kc3 exd5 33. cxd5 Nxd5+ 34. Kc4 Nf4 35. Rc8 Ne6 36. Kb5 Rd8 37. Rxd8 Nxd8 38. Rd1 Ke7 39. Re1+ Kd7 40. Ka6 h4 41. Kxa7 h3 42. b4 Nc6+ 43. Kb6 Nxb4 44. a4 h2 45. Rd1+ Nd5+ 46. Rxd5+ Ke6 47. Kc6 h1Q 48. Rd6+ Ke7 49. Rd7+ Ke8 0-1

[Event "Arco op 45th"]
[Site "Arco"]
[Date "2023.10.14"]
[Round "8"]
[White "Gardini, Enrico"]
[Black "Jirillo, Antonio"]
[Result "1-0"]
[WhiteElo "1665"]
[BlackElo "1428"]
[PlyCount "71"]
[EventDate "2023.10.07"]
[EventType "swiss"]
[EventRounds "9"]
[EventCountry "ITA"]
[SourceTitle "Mega2024 Update 01"]
[Source "Chessbase"]
[SourceDate "2023.11.12"]
[SourceVersion "1"]
[SourceVersionDate "2023.11.12"]
[SourceQuality "1"]

1. e4 e6 2. c3 d5 3. e5 c5 4. d4 c4 5. Nf3 Be7 6. Be2 Nc6 7. b4 a6 8. a4 f6 9. Bf4 Bd7 10. h4 Nxb4 11. cxb4 Bxb4+ 12. Bd2 Qa5 13. Bxb4 Qxb4+ 14. Qd2 Qb6 15. Nc3 Rc8 16. 0-0 Qd8 17. Qf4 Qe7 18. Rfb1 Bc6 19. Rb6 f5 20. Ng5 Kd7 21. a5 h6 22. Nh3 Qe8 23. g4 Ne7 24. Qc1 Qf8 25. h5 fxg4 26. Bxg4 Nf5 27. Qf4 Rg8 28. Bxf5 Qxf5 29. Qxf5 exf5 30. Nf4 Ke7 31. Nfxd5+ Ke8 32. Nf4 Rc7 33. d5 g5 34. hxg6 Bd7 35. Kh2 Kd8 36. d6 1-0

[Event "Arco op 45th"]
[Site "Arco"]
[Date "2023.10.07"]
[Round "1"]
[White "Bossi, Alessandro"]
[Black "Jirillo, Antonio"]
[Result "1-0"]
[WhiteElo "1873"]
[BlackElo "1428"]
[PlyCount "49"]
[EventDate "2023.10.07"]
[EventType "swiss"]
[EventRounds "9"]
[EventCountry "ITA"]
[SourceTitle "Mega2024 Update 01"]
[Source "Chessbase"]
[SourceDate "2023.11.12"]
[SourceVersion "1"]
[SourceVersionDate "2023.11.12"]
[SourceQuality "1"]

1. e4 e6 2. Nf3 d5 3. e5 c5 4. b4 cxb4 5. a3 b3 6. cxb3 a6 7. d4 Nc6 8. Bd3 Nge7 9. 0-0 Nf5 10. Be3 Be7 11. Nbd2 Qb6 12. b4 Na7 13. Nb3 Bd7 14. Nc5 Bb5 15. Re1 Nxe3 16. Rxe3 h6 17. Rc1 0-0 18. Bb1 Bxc5 19. dxc5 Qd8 20. Nd4 Be8 21. Rg3 Nc6 22. Qc2 g6 23. Nxe6 fxe6 24. Rxg6+ Kh7 25. Rg7+ 1-0

[Event "Arco op 40th"]
[Site "Arco"]
[Date "2018.10.16"]
[Round "4"]
[White "Nanni, Sergio"]
[Black "Jirillo, Antonio"]
[Result "1-0"]
[WhiteElo "1607"]
[BlackElo "1528"]
[PlyCount "81"]
[EventDate "2018.10.13"]
[EventType "swiss"]
[EventRounds "9"]
[EventCountry "ITA"]
[SourceTitle "CBM 186 Extra"]
[Source "ChessBase"]
[SourceDate "2018.08.24"]
[SourceVersion "1"]
[SourceVersionDate "2018.08.24"]
[SourceQuality "1"]

1. e4 Nf6 2. Nc3 d5 3. e5 d4 4. exf6 dxc3 5. fxg7 cxd2+ 6. Bxd2 Bxg7 7. Bc3 Bxc3+ 8. bxc3 Qxd1+ 9. Rxd1 Be6 10. Nf3 Nd7 11. Be2 Rg8 12. Nd4 Nc5 13. Nb5 Rc8 14. 0-0 c6 15. Nd4 Bg4 16. f3 Bh5 17. Rfe1 Bg6 18. Bc4 b5 19. Bf1 e6 20. Nxc6 a6 21. Nd4 Ke7 22. f4 Kf6 23. g4 h6 24. Bg2 Na4 25. h4 Kg7 26. Nc6 Rgf8 27. Rd7 Kh8 28. Ne7 Bxc2 29. Nxc8 Rxc8 30. Rxf7 Nxc3 31. Rxe6 Nxa2 32. Rxa6 Nc3 33. Rb6 Bd3 34. Rxh6+ Kg8 35. Rb7 Ne2+ 36. Kf2 Nxf4 37. Bf3 Ng6 38. Bd5+ Kf8 39. h5 Rc2+ 40. Ke3 Bc4 41. Bxc4 1-0

[Event "Arco op-A 39th"]
[Site "Arco"]
[Date "2017.10.11"]
[Round "5"]
[White "Schaberg, Wolfgang"]
[Black "Jirillo, Antonio"]
[Result "1/2-1/2"]
[WhiteElo "1867"]
[BlackElo "1645"]
[PlyCount "65"]
[EventDate "2017.10.07"]
[EventType "swiss"]
[EventRounds "9"]
[EventCountry "ITA"]
[SourceTitle "CBM 181 Extra"]
[Source "ChessBase"]
[SourceDate "2017.12.12"]
[SourceVersion "1"]
[SourceVersionDate "2017.12.12"]
[SourceQuality "1"]

1. e4 Nf6 2. e5 Nd5 3. d4 d6 4. Nf3 Bg4 5. Be2 Nc6 6. 0-0 dxe5 7. dxe5 e6 8. Nbd2 Bc5 9. Nb3 Be7 10. Nbd4 Nxd4 11. Nxd4 Bxe2 12. Qxe2 c6 13. Qg4 g6 14. Bh6 Qc7 15. Qe4 0-0-0 16. a3 Bc5 17. Nb3 Bf8 18. Bd2 Nb6 19. c4 Nd7 20. Bg5 Re8 21. Qf4 Nc5 22. Nxc5 Bxc5 23. Rad1 Be7 24. Bh6 Bf8 25. Bg5 Be7 26. Bxe7 Qxe7 27. Rd6 Rd8 28. c5 Rxd6 29. exd6 Qd7 30. Qf6 Re8 31. Rd1 b6 32. b4 Kb7 33. Qg7 1/2-1/2

[Event "Treviso op-C 1st"]
[Site "Treviso"]
[Date "2017.03.19"]
[Round "4.11"]
[White "Bordin, Silvia"]
[Black "Jirillo, Antonio"]
[Result "1/2-1/2"]
[WhiteElo "1499"]
[BlackElo "1608"]
[PlyCount "87"]
[EventDate "2017.03.17"]
[EventType "swiss"]
[EventRounds "5"]
[EventCountry "ITA"]
[SourceTitle "EXT 2024"]
[Source "ChessBase"]
[SourceDate "2023.10.10"]
[SourceVersion "1"]
[SourceVersionDate "2023.10.10"]
[SourceQuality "1"]

1. e4 Nf6 2. e5 Nd5 3. c4 Nb6 4. c5 Nd5 5. d4 Nc6 6. Nf3 b6 7. cxb6 axb6 8. Bc4 e6 9. 0-0 Ba6 10. Bxa6 Rxa6 11. a3 Be7 12. Bd2 0-0 13. Nc3 Nxc3 14. Bxc3 d5 15. exd6 Bxd6 16. Qd3 Ra8 17. Rfd1 Ne7 18. Ng5 Nf5 19. Ne4 Be7 20. d5 exd5 21. Qxd5 Qxd5 22. Rxd5 Nd6 23. Nxd6 Bxd6 24. Be5 Rfd8 25. Rad1 Re8 26. Bxd6 cxd6 27. Kf1 Re6 28. Rb5 Rb8 29. f4 Kf8 30. a4 Re4 31. Rxd6 Rxf4+ 32. Ke2 Rxa4 33. Rdxb6 Re8+ 34. Kf3 Rc4 35. Rb3 g5 36. h3 h5 37. R6b4 Rc1 38. Rb8 Rf1+ 39. Kg3 Rxb8 40. Rxb8+ Kg7 41. Rb5 Kg6 42. Rc5 h4+ 43. Kh2 Rb1 44. Rb5 1/2-1/2

[Event "Treviso op-C 1st"]
[Site "Treviso"]
[Date "2017.03.18"]
[Round "3.6"]
[White "Jirillo, Antonio"]
[Black "Romito, Donato"]
[Result "1/2-1/2"]
[WhiteElo "1608"]
[BlackElo "1734"]
[PlyCount "49"]
[EventDate "2017.03.17"]
[EventType "swiss"]
[EventRounds "5"]
[EventCountry "ITA"]
[SourceTitle "EXT 2024"]
[Source "ChessBase"]
[SourceDate "2023.10.10"]
[SourceVersion "1"]
[SourceVersionDate "2023.10.10"]
[SourceQuality "1"]

1. d4 Nc6 2. e4 e5 3. Nf3 exd4 4. Nxd4 Bc5 5. Be3 Qf6 6. c3 Qg6 7. f3 Nge7 8. Qd2 d6 9. Nb5 Bxe3 10. Qxe3 Kd8 11. N1a3 f5 12. 0-0-0 a6 13. Nd4 fxe4 14. Qxe4 Qh6+ 15. Rd2 Re8 16. Kd1 Nxd4 17. Qxd4 Nc6 18. Qf2 Be6 19. Bc4 Kd7 20. Qg3 Bxc4 21. Nxc4 Re7 22. Qg4+ Qe6 23. Qxe6+ Rxe6 24. Re1 Rae8 25. Rde2 1/2-1/2

[Event "Vescovato Gerolamo op-B 13th"]
[Site "Vescovato"]
[Date "2014.04.26"]
[Round "3"]
[White "Zordan, Giovanni"]
[Black "Jirillo, Antonio"]
[Result "1/2-1/2"]
[WhiteElo "1691"]
[BlackElo "1591"]
[PlyCount "40"]
[EventDate "2014.04.25"]
[EventType "swiss"]
[EventRounds "6"]
[EventCountry "ITA"]
[SourceTitle "EXT 2024"]
[Source "ChessBase"]
[SourceDate "2023.10.10"]
[SourceVersion "1"]
[SourceVersionDate "2023.10.10"]
[SourceQuality "1"]

1. e4 d5 2. exd5 Nf6 3. Bb5+ Bd7 4. Bxd7+ Qxd7 5. Nc3 Nxd5 6. Nxd5 Qxd5 7. Qf3 Qxf3 8. Nxf3 Nc6 9. 0-0 g6 10. c3 Bg7 11. d4 0-0 12. Bf4 Rac8 13. Rfe1 Rfe8 14. Re2 e6 15. Rae1 Ne7 16. Ne5 Bxe5 17. Rxe5 Nd5 18. Bg3 b5 19. a3 c5 20. Rd1 c4 1/2-1/2

[Event "Verona Province-ch"]
[Site "Zevio Verona"]
[Date "2014.01.25"]
[Round "4"]
[White "Mattioli, Mario"]
[Black "Jirillo, Antonio"]
[Result "0-1"]
[WhiteElo "1533"]
[BlackElo "1609"]
[PlyCount "82"]
[EventDate "2014.01.18"]
[EventType "swiss"]
[EventRounds "6"]
[EventCountry "ITA"]
[SourceTitle "EXT 2015"]
[Source "ChessBase"]
[SourceDate "2014.11.20"]
[SourceVersion "1"]
[SourceVersionDate "2014.11.20"]
[SourceQuality "1"]

1. d4 Nf6 2. c4 d6 3. Nc3 Nbd7 4. Nf3 e5 5. dxe5 dxe5 6. e4 c6 7. Be2 Bb4 8. Bg5 0-0 9. 0-0 Qc7 10. Qc2 Be7 11. Rad1 a5 12. a3 Nc5 13. Rd2 Be6 14. a4 Rad8 15. Rfd1 Rxd2 16. Rxd2 Rd8 17. Rxd8+ Bxd8 18. Qd1 Ncd7 19. h3 Ne8 20. Bxd8 Qxd8 21. Nxe5 Qc7 22. Nxd7 Bxd7 23. c5 Nf6 24. Qd4 Qf4 25. b3 Qc1+ 26. Kh2 Qf4+ 27. g3 Qc7 28. Nd1 Qc8 29. h4 h6 30. Ne3 Be6 31. Nc4 Bxc4 32. Bxc4 Qg4 33. Bd3 Qd7 34. Qc4 Ng4+ 35. Kg2 Ne5 36. Qc2 Nxd3 37. Kf1 Qd4 38. Qd2 Qxe4 39. Qc2 Qd5 40. Qd2 Nxc5 41. Qxd5 cxd5 0-1

[Event "Verona Province-ch"]
[Site "Zevio Verona"]
[Date "2014.01.19"]
[Round "3"]
[White "Cantore, Michele"]
[Black "Jirillo, Antonio"]
[Result "1-0"]
[WhiteElo "1440"]
[BlackElo "1609"]
[PlyCount "59"]
[EventDate "2014.01.18"]
[EventType "swiss"]
[EventRounds "6"]
[EventCountry "ITA"]
[SourceTitle "EXT 2015"]
[Source "ChessBase"]
[SourceDate "2014.11.20"]
[SourceVersion "1"]
[SourceVersionDate "2014.11.20"]
[SourceQuality "1"]

1. e4 d6 2. d4 Nd7 3. Nc3 c6 4. f4 e5 5. Nf3 exd4 6. Qxd4 Ngf6 7. Bd3 Nc5 8. 0-0 Bg4 9. Bd2 Bxf3 10. Rxf3 Ng4 11. Re1 Nxd3 12. Qxd3 Qh4 13. h3 Nh6 14. e5 0-0-0 15. e6 fxe6 16. Rxe6 d5 17. Qe2 Bc5+ 18. Kh1 Nf5 19. Be1 Qh5 20. g4 Qf7 21. gxf5 Rhf8 22. Bf2 Bd6 23. Bxa7 Qxf5 24. Rxd6 Rde8 25. Re3 Kc7 26. Bc5 Rxe3 27. Qxe3 Rf7 28. Re6 Rd7 29. Bb6+ Kc8 30. Re8+ 1-0

[Event "Basso Veronese op 5th"]
[Site "Casaleone"]
[Date "2012.05.??"]
[Round "3"]
[White "Jirillo, Antonio"]
[Black "Rizzati, Aldo"]
[Result "0-1"]
[WhiteElo "1664"]
[BlackElo "1931"]
[PlyCount "156"]
[EventDate "2012.05.19"]
[EventType "swiss"]
[EventRounds "6"]
[EventCountry "ITA"]
[SourceTitle "EXT 2014"]
[Source "ChessBase"]
[SourceDate "2013.11.20"]
[SourceVersion "1"]
[SourceVersionDate "2013.11.20"]
[SourceQuality "1"]

1. d4 Nf6 2. Bf4 d5 3. e3 e6 4. Bd3 c5 5. c3 Nc6 6. Nf3 Bd6 7. dxc5 Bxc5 8. Nbd2 e5 9. Bxe5 0-0 10. Qc2 h6 11. h3 Re8 12. Bxf6 Qxf6 13. 0-0-0 Bd7 14. Nb3 Bb6 15. a3 Rac8 16. Bh7+ Kh8 17. Bd3 Na5 18. Nxa5 Bxa5 19. Nd4 a6 20. Kb1 b5 21. b4 Bb6 22. g4 Bxd4 23. exd4 Rc7 24. Qd2 Rec8 25. Rc1 Qd6 26. f4 a5 27. Rhe1 axb4 28. cxb4 Rxc1+ 29. Rxc1 Ra8 30. Kb2 Qf6 31. Qf2 g6 32. Rc3 Kg7 33. f5 g5 34. Rc5 Qa6 35. Rc3 f6 36. h4 Qa7 37. hxg5 hxg5 38. Qg1 Rh8 39. Bc2 Qb8 40. Qg3 Qxg3 41. Rxg3 Rh2 42. Kc3 Kf7 43. Bb3 Bc6 44. Re3 Rg2 45. Re6 Bd7 46. Rd6 Ke7 47. Rxd5 Rxg4 48. Rc5 Rf4 49. Bc2 g4 50. Kd2 g3 51. Rc3 Rg4 52. Re3+ Kd6 53. Re1 g2 54. Rg1 Rxd4+ 55. Ke3 Rg4 56. Be4 Ke5 57. Bxg2 Rg3+ 58. Kd2 Rxa3 59. Re1+ Kxf5 60. Be4+ Kf4 61. Bd3 Ra6 62. Re4+ Kg5 63. Rd4 Be6 64. Bxb5 Rb6 65. Bd3 f5 66. Ke3 Bf7 67. Kf2 f4 68. Be4 Ra6 69. Bf3 Ra2+ 70. Ke1 Rb2 71. Rd7 Bc4 72. Rb7 Kh4 73. Rh7+ Kg3 74. Bd1 Bd3 75. Rd7 Bf5 76. Rd4 f3 77. Bxf3 Kxf3 78. Rd1 Bc2 0-1

[Event "Basso Veronese op 5th"]
[Site "Casaleone"]
[Date "2012.05.??"]
[Round "5"]
[White "Scagliarini, Gennaro"]
[Black "Jirillo, Antonio"]
[Result "1/2-1/2"]
[WhiteElo "1726"]
[BlackElo "1664"]
[PlyCount "42"]
[EventDate "2012.05.19"]
[EventType "swiss"]
[EventRounds "6"]
[EventCountry "ITA"]
[SourceTitle "EXT 2014"]
[Source "ChessBase"]
[SourceDate "2013.11.20"]
[SourceVersion "1"]
[SourceVersionDate "2013.11.20"]
[SourceQuality "1"]

1. d4 d6 2. e4 Nf6 3. Nc3 g6 4. f3 Bg7 5. Bd3 0-0 6. Nge2 Nbd7 7. Be3 c5 8. dxc5 dxc5 9. Ng3 e6 10. f4 Qc7 11. 0-0 c4 12. Be2 Rd8 13. Qe1 a6 14. Qf2 b5 15. e5 Ne8 16. Rad1 Bb7 17. h4 h5 18. Nce4 Bxe4 19. Nxe4 Rab8 20. g4 hxg4 21. Bxg4 Nf8 1/2-1/2